Research in industry : (Record no. 15595)
[ view plain ]
| 000 -LEADER | |
|---|---|
| fixed length control field | 00890nam a2200265 a 4500 |
| 001 - CONTROL NUMBER | |
| control field | 15595 |
| 003 - CONTROL NUMBER IDENTIFIER | |
| rucl marc code | BD-RjUL |
| 005 - DATE AND TIME OF LATEST TRANSACTION | |
| control field | 20211208235842.0 |
| 008 - FIXED-LENGTH DATA ELEMENTS--GENERAL INFORMATION | |
| fixed length control field | 140210r19581948nyua b 001 0 eng |
| 035 ## - SYSTEM CONTROL NUMBER | |
| System control number | (BD-RjUL)15650 |
| System control number | (OCoLC)561384 |
| 040 ## - CATALOGING SOURCE | |
| Original cataloging agency | DLC |
| Transcribing agency | ODaWU |
| Modifying agency | OCoLC |
| -- | DLC |
| -- | BD-RjUL |
| Language of cataloging | eng |
| 041 ## - LANGUAGE CODE | |
| Language code of text/sound track or separate title | eng |
| 082 ## - DEWEY DECIMAL CLASSIFICATION NUMBER | |
| Edition number | 23 |
| Classification number | 658.3 |
| Author mark and year | RES 1958 |
| 245 10 - TITLE STATEMENT | |
| Title | Research in industry : |
| Remainder of title | its organization and management / |
| Statement of responsibility, etc. | edited by C. C. Furnas |
| 260 ## - PUBLICATION, DISTRIBUTION, ETC. (IMPRINT) | |
| Place of publication, distribution, etc. | New York : |
| Name of publisher, distributor, etc. | D. Van Nostrand Co., |
| Date of publication, distribution, etc. | c1948 [ Reprinted 1958]. |
| 300 ## - PHYSICAL DESCRIPTION | |
| Pagination | xii, 574 p. : |
| Illustrations | ill. ; |
| Size | 24 cm. |
| 504 ## - BIBLIOGRAPHY, ETC. NOTE | |
| Bibliography, etc | Includes bibliographies and index. |
| 650 #0 - SUBJECT ADDED ENTRY--TOPICAL TERM | |
| Topical term or geographic name as entry element | Personnel management. |
| 9 (RLIN) | 48411 |
| Topical term or geographic name as entry element | Research, Industrial. |
| 9 (RLIN) | 48412 |
| 700 1# - ADDED ENTRY--PERSONAL NAME | |
| Personal name | Furnas, C. C. |
| Fuller form of name | (Clifford Cook), |
| Dates associated with a name | 1900-1969, |
| Relator term | ed. |
| 710 ## - ADDED ENTRY--CORPORATE NAME | |
| Corporate name or jurisdiction name as entry element | Industrial Research Institute, New York. |
| 9 (RLIN) | 189052 |
| 942 ## - ADDED ENTRY ELEMENTS (KOHA) | |
| Source of classification or shelving scheme | Dewey Decimal Classification |
| Koha item type | Books |
| Lost status | Source of classification or shelving scheme | Damaged status | Not for loan | Collection code | Permanent Location | Current Location | Shelving location | Date acquired | Source of acquisition | Cost, normal purchase price | Total Checkouts | Full call number | Date last seen | Copy number | Koha item type |
|---|---|---|---|---|---|---|---|---|---|---|---|---|---|---|---|
| Dewey Decimal Classification | Non-fiction | Central Library, University of Rajshahi | Central Library, University of Rajshahi | 19/04/1968 | Zeitlinger | 0.00 | 658.3 RES 1958 | 10/02/2014 | C-2 | Books | |||||
| Dewey Decimal Classification | Not For Loan | Non-fiction | Central Library, University of Rajshahi | Central Library, University of Rajshahi | Reading Room | 19/04/1968 | Zeittinger | 0.00 | 658.3 RES 1958 | 23/01/2017 | C-1 | Books |